| 000 | 00873 a2200229 4500 | ||
|---|---|---|---|
| 020 | _a0387985417 | ||
| 020 | _a9780387985411 | ||
| 082 | 0 | 4 | _a512.3 |
| 090 |
_c224 _d224 |
||
| 100 | 1 | _aRotman,Joseph | |
| 245 | 1 | 0 |
_aGalois theory / _cJoseph Rotman. |
| 250 | _a2nd ed. | ||
| 260 |
_a[S.l.] : _bSpringer, _c1998. |
||
| 300 |
_a190 p. ; _c23 cm. |
||
| 490 | 1 | _aUniversitext. | |
| 700 | _aRotman,Joseph | ||
| 830 | 0 | _aUniversitext. | |
| 942 |
_aSNS _cBK _k512.3 ROT |
||
| 999 |
_c28861 _d28861 |
||